<?xml version="1.0" encoding="UTF-8"?>
<record
    xmlns:xsi="http://www.w3.org/2001/XMLSchema-instance"
    xsi:schemaLocation="http://www.loc.gov/MARC21/slim http://www.loc.gov/standards/marcxml/schema/MARC21slim.xsd"
    xmlns="http://www.loc.gov/MARC21/slim">

  <leader>00813nam a22001577a 4500</leader>
  <controlfield tag="003">OSt</controlfield>
  <controlfield tag="005">20150919164332.0</controlfield>
  <controlfield tag="008">150919b        xxu||||| |||| 00| 0 eng d</controlfield>
  <datafield tag="040" ind1=" " ind2=" ">
    <subfield code="c">RUA</subfield>
  </datafield>
  <datafield tag="082" ind1=" " ind2=" ">
    <subfield code="a">AGR OUK 2008 B036 Or.1</subfield>
  </datafield>
  <datafield tag="100" ind1=" " ind2=" ">
    <subfield code="9">891</subfield>
    <subfield code="a">OUK, SREYVORNG.</subfield>
  </datafield>
  <datafield tag="245" ind1=" " ind2=" ">
    <subfield code="a">Effect of different seedling ages at transplanting and spacing yield and growth of the car 11 rice variety cultivated during the rainy season at the royal university of agriculture &#x17A5;&#x1791;&#x17D2;&#x1792;&#x17B7;&#x1796;&#x179B;&#x1782;&#x1798;&#x17D2;&#x179B;&#x17B6;&#x178F;&#x1782;&#x17BB;&#x1798;&#x17D2;&#x1796; &#x1793;&#x17B7;&#x1784;&#x17A2;&#x17B6;&#x1799;&#x17BB;&#x179F;&#x17C6;&#x178E;&#x17B6;&#x1791;&#x17C5;&#x179B;&#x17BE;&#x1796;&#x17BC;&#x1787;&#x179F;&#x17D2;&#x179A;&#x17BC;&#x179C;&#x1781;&#x17B6; &#x17E1;&#x17E1; &#x1780;&#x17D2;&#x1793;&#x17BB;&#x1784;&#x179A;&#x178A;&#x17BC;&#x179C;&#x179C;&#x179F;&#x17D2;&#x179F;&#x17B6; &#x1793;&#x17C5;&#x179F;&#x17B6;&#x1780;&#x179B;&#x179C;&#x17B7;&#x1791;&#x17D2;&#x1799;&#x17B6;&#x179B;&#x17D0;&#x1799;&#x1797;&#x17BC;&#x1798;&#x17B7;&#x1793;&#x17D2;&#x1791;&#x1780;&#x179F;&#x17B7;&#x1780;&#x1798;&#x17D2;&#x1798;</subfield>
  </datafield>
  <datafield tag="260" ind1=" " ind2=" ">
    <subfield code="a">Phnom Penh </subfield>
    <subfield code="b">RUA</subfield>
    <subfield code="c">2008</subfield>
  </datafield>
  <datafield tag="300" ind1=" " ind2=" ">
    <subfield code="a">xi; 45p.</subfield>
    <subfield code="b">ill.</subfield>
    <subfield code="c">29cm.</subfield>
  </datafield>
  <datafield tag="942" ind1=" " ind2=" ">
    <subfield code="2">ddc</subfield>
    <subfield code="c">AGR</subfield>
  </datafield>
  <datafield tag="999" ind1=" " ind2=" ">
    <subfield code="c">859</subfield>
    <subfield code="d">859</subfield>
  </datafield>
  <datafield tag="952" ind1=" " ind2=" ">
    <subfield code="0">0</subfield>
    <subfield code="1">0</subfield>
    <subfield code="2">ddc</subfield>
    <subfield code="4">0</subfield>
    <subfield code="6">AGR_OUK_2008_000000000000000_B036_OR_1</subfield>
    <subfield code="7">0</subfield>
    <subfield code="9">3372</subfield>
    <subfield code="a">LBB</subfield>
    <subfield code="b">LBB</subfield>
    <subfield code="c">B036</subfield>
    <subfield code="d">2015-09-19</subfield>
    <subfield code="o">AGR OUK 2008 B036 Or.1</subfield>
    <subfield code="p">RUA002501</subfield>
    <subfield code="r">2015-09-19</subfield>
    <subfield code="w">2015-09-19</subfield>
    <subfield code="y">AGR</subfield>
  </datafield>
  <datafield tag="952" ind1=" " ind2=" ">
    <subfield code="0">0</subfield>
    <subfield code="1">0</subfield>
    <subfield code="2">ddc</subfield>
    <subfield code="4">0</subfield>
    <subfield code="6">AGR_OUK_2008_000000000000000_B036_OR_2</subfield>
    <subfield code="7">0</subfield>
    <subfield code="9">3373</subfield>
    <subfield code="a">LBB</subfield>
    <subfield code="b">LBB</subfield>
    <subfield code="c">B036</subfield>
    <subfield code="d">2015-09-19</subfield>
    <subfield code="o">AGR OUK 2008 B036 Or.2</subfield>
    <subfield code="p">RUA002193</subfield>
    <subfield code="r">2015-09-19</subfield>
    <subfield code="w">2015-09-19</subfield>
    <subfield code="y">AGR</subfield>
  </datafield>
  <datafield tag="952" ind1=" " ind2=" ">
    <subfield code="0">0</subfield>
    <subfield code="1">0</subfield>
    <subfield code="2">ddc</subfield>
    <subfield code="4">0</subfield>
    <subfield code="6">AGR_OUK_2008_000000000000000_B036_OR_3</subfield>
    <subfield code="7">0</subfield>
    <subfield code="9">3374</subfield>
    <subfield code="a">LBB</subfield>
    <subfield code="b">LBB</subfield>
    <subfield code="c">B036</subfield>
    <subfield code="d">2015-09-19</subfield>
    <subfield code="o">AGR OUK 2008 B036 Or.3</subfield>
    <subfield code="p">RUA002137</subfield>
    <subfield code="r">2015-09-19</subfield>
    <subfield code="w">2015-09-19</subfield>
    <subfield code="y">AGR</subfield>
  </datafield>
  <datafield tag="952" ind1=" " ind2=" ">
    <subfield code="0">0</subfield>
    <subfield code="1">0</subfield>
    <subfield code="2">ddc</subfield>
    <subfield code="4">0</subfield>
    <subfield code="6">AGR_OUK_2008_000000000000000_B036_OR_4</subfield>
    <subfield code="7">0</subfield>
    <subfield code="9">3375</subfield>
    <subfield code="a">LBB</subfield>
    <subfield code="b">LBB</subfield>
    <subfield code="c">B036</subfield>
    <subfield code="d">2015-09-19</subfield>
    <subfield code="o">AGR OUK 2008 B036 Or.4</subfield>
    <subfield code="p">RUA002409</subfield>
    <subfield code="r">2015-09-19</subfield>
    <subfield code="w">2015-09-19</subfield>
    <subfield code="y">AGR</subfield>
  </datafield>
  <datafield tag="952" ind1=" " ind2=" ">
    <subfield code="0">0</subfield>
    <subfield code="1">0</subfield>
    <subfield code="2">ddc</subfield>
    <subfield code="4">0</subfield>
    <subfield code="6">AGR_OUK_2008_000000000000000_B036_OR_5</subfield>
    <subfield code="7">0</subfield>
    <subfield code="9">3376</subfield>
    <subfield code="a">LBB</subfield>
    <subfield code="b">LBB</subfield>
    <subfield code="c">B036</subfield>
    <subfield code="d">2015-09-19</subfield>
    <subfield code="o">AGR OUK 2008 B036 Or.5</subfield>
    <subfield code="p">RUA002488</subfield>
    <subfield code="r">2015-09-19</subfield>
    <subfield code="w">2015-09-19</subfield>
    <subfield code="y">AGR</subfield>
  </datafield>
  <datafield tag="952" ind1=" " ind2=" ">
    <subfield code="0">0</subfield>
    <subfield code="1">0</subfield>
    <subfield code="2">ddc</subfield>
    <subfield code="4">0</subfield>
    <subfield code="6">AGR_OUK_2008_000000000000000_B036_OR_6</subfield>
    <subfield code="7">0</subfield>
    <subfield code="9">3377</subfield>
    <subfield code="a">LBB</subfield>
    <subfield code="b">LBB</subfield>
    <subfield code="c">B036</subfield>
    <subfield code="d">2015-09-19</subfield>
    <subfield code="l">1</subfield>
    <subfield code="o">AGR OUK 2008 B036 Or.6</subfield>
    <subfield code="p">RUA002657</subfield>
    <subfield code="r">2019-07-05</subfield>
    <subfield code="s">2019-07-01</subfield>
    <subfield code="w">2015-09-19</subfield>
    <subfield code="y">AGR</subfield>
  </datafield>
  <datafield tag="952" ind1=" " ind2=" ">
    <subfield code="0">0</subfield>
    <subfield code="1">0</subfield>
    <subfield code="2">ddc</subfield>
    <subfield code="4">0</subfield>
    <subfield code="6">AGR_OUK_2008_000000000000000_B036_OR_7</subfield>
    <subfield code="7">0</subfield>
    <subfield code="9">3378</subfield>
    <subfield code="a">LBB</subfield>
    <subfield code="b">LBB</subfield>
    <subfield code="c">B036</subfield>
    <subfield code="d">2015-09-19</subfield>
    <subfield code="o">AGR OUK 2008 B036 Or.7</subfield>
    <subfield code="p">RUA002065</subfield>
    <subfield code="r">2015-09-19</subfield>
    <subfield code="w">2015-09-19</subfield>
    <subfield code="y">AGR</subfield>
  </datafield>
  <datafield tag="952" ind1=" " ind2=" ">
    <subfield code="0">0</subfield>
    <subfield code="1">0</subfield>
    <subfield code="2">ddc</subfield>
    <subfield code="4">0</subfield>
    <subfield code="6">AGR_OUK_2008_000000000000000_B036_OR_8</subfield>
    <subfield code="7">0</subfield>
    <subfield code="9">3379</subfield>
    <subfield code="a">LBB</subfield>
    <subfield code="b">LBB</subfield>
    <subfield code="c">B036</subfield>
    <subfield code="d">2015-09-19</subfield>
    <subfield code="o">AGR OUK 2008 B036 Or.8</subfield>
    <subfield code="p">RUA002266</subfield>
    <subfield code="r">2015-09-19</subfield>
    <subfield code="w">2015-09-19</subfield>
    <subfield code="y">AGR</subfield>
  </datafield>
  <datafield tag="952" ind1=" " ind2=" ">
    <subfield code="0">0</subfield>
    <subfield code="1">0</subfield>
    <subfield code="2">ddc</subfield>
    <subfield code="4">0</subfield>
    <subfield code="6">AGR_OUK_2008_000000000000000_B036_OR_9</subfield>
    <subfield code="7">0</subfield>
    <subfield code="9">3380</subfield>
    <subfield code="a">LBB</subfield>
    <subfield code="b">LBB</subfield>
    <subfield code="c">B036</subfield>
    <subfield code="d">2015-09-19</subfield>
    <subfield code="o">AGR OUK 2008 B036 Or.9</subfield>
    <subfield code="p">RUA002196</subfield>
    <subfield code="r">2015-09-19</subfield>
    <subfield code="w">2015-09-19</subfield>
    <subfield code="y">AGR</subfield>
  </datafield>
  <datafield tag="952" ind1=" " ind2=" ">
    <subfield code="0">0</subfield>
    <subfield code="1">0</subfield>
    <subfield code="2">ddc</subfield>
    <subfield code="4">0</subfield>
    <subfield code="6">AGR_OUK_2008_000000000000000_B036_OR_10</subfield>
    <subfield code="7">0</subfield>
    <subfield code="9">3381</subfield>
    <subfield code="a">LBB</subfield>
    <subfield code="b">LBB</subfield>
    <subfield code="c">B036</subfield>
    <subfield code="d">2015-09-19</subfield>
    <subfield code="o">AGR OUK 2008 B036 Or.10</subfield>
    <subfield code="p">RUA002268</subfield>
    <subfield code="r">2015-09-19</subfield>
    <subfield code="w">2015-09-19</subfield>
    <subfield code="y">AGR</subfield>
  </datafield>
</record>
